[Event "Mirandela op 3rd"]
[Site "Mirandela"]
[Date "2022.08.17"]
[Round "1"]
[White "Chasin, Nico Werner"]
[Black "Sa, Nuno Baltasar Fogac"]
[Result "1-0"]
[WhiteElo "2392"]
[BlackElo "1841"]
[PlyCount "76"]
[EventDate "2022.08.17"]
[EventType "swiss"]
[EventRounds "9"]
[EventCountry "POR"]
[SourceTitle "CBM 209 Extra"]
[Source "ChessBase"]
[SourceDate "2022.09.30"]
[SourceVersion "1"]
[SourceVersionDate "2022.09.30"]
[SourceQuality "1"]

1. Nf3 d5 2. g3 Nf6 3. Bg2 c6 4. 0-0 Bf5 5. d3 e6 6. Nbd2 Bc5 7. Nh4 Bg6 8. c3 Nbd7 9. e4 dxe4 10. Nxg6 hxg6 11. d4 Bd6 12. Nxe4 Nxe4 13. Bxe4 Qc7 14. c4 Nf6 15. Bf3 0-0 16. Qc2 Rad8 17. Rd1 Rd7 18. Be3 Rfd8 19. Kg2 Be7 20. b3 Nh5 21. Rd3 e5 22. Rad1 exd4 23. Bxd4 Nf6 24. h4 c5 25. Be3 b6 26. Bf4 Bd6 27. Rxd6 Rxd6 28. Qe2 Kf8 29. h5 g5 30. Bxd6+ Rxd6 31. Qe5 Ne8 32. Rxd6 Qxd6 33. Qxg5 Qf6 34. Qxf6 Nxf6 35. g4 Ke7 36. Kg3 Nh7 37. Kf4 Kf6 38. Bd5 Ng5 1-0

[Event "Azores op 4th"]
[Site "Ponta Delgada"]
[Date "2017.12.10"]
[Round "7"]
[White "Jurado Perez, Olvier"]
[Black "Sa, Nuno Baltasar Fogac"]
[Result "1/2-1/2"]
[WhiteElo "1923"]
[BlackElo "1782"]
[PlyCount "79"]
[EventDate "2017.12.07"]
[EventType "swiss"]
[EventRounds "7"]
[EventCountry "POR"]
[SourceTitle "CBM 182 Extra"]
[Source "ChessBase"]
[SourceDate "2018.02.23"]
[SourceVersion "1"]
[SourceVersionDate "2018.02.23"]
[SourceQuality "1"]

1. d4 d5 2. c4 e6 3. Nc3 Nf6 4. Bg5 c6 5. Nf3 Nbd7 6. e3 Qa5 7. Bxf6 Nxf6 8. Nd2 Be7 9. Bd3 0-0 10. 0-0 Qd8 11. Rc1 b6 12. cxd5 cxd5 13. Nf3 Bb7 14. Ne5 Nd7 15. f4 Nxe5 16. fxe5 f5 17. Ne2 Bg5 18. Nf4 Bxf4 19. exf4 Qd7 20. g4 g6 21. gxf5 gxf5 22. Rc2 Kh8 23. Rg2 Rg8 24. Rff2 Bc6 25. Qh5 Rxg2+ 26. Rxg2 Rg8 27. Rg5 Rxg5+ 28. fxg5 Qg7 29. h4 Qg6 30. Qe2 h6 31. Qg2 Kg7 32. Be2 hxg5 33. hxg5 Qh7 34. Qg3 Kg6 35. Kg2 Qe7 36. Ba6 Bd7 37. Qc3 Qxg5+ 38. Kf2 Qh4+ 39. Kf1 Qh1+ 40. Kf2 1/2-1/2

[Event "POR-ch prel"]
[Site "Famalicao"]
[Date "2014.07.12"]
[Round "8"]
[White "Sa, Nuno Baltasar Fogac"]
[Black "Diogo, Vasco Andre Marcalo"]
[Result "0-1"]
[WhiteElo "1847"]
[BlackElo "2212"]
[PlyCount "62"]
[EventDate "2014.07.06"]
[EventType "swiss"]
[EventRounds "9"]
[EventCountry "POR"]
[SourceTitle "EXT 2015"]
[Source "ChessBase"]
[SourceDate "2014.11.20"]
[SourceVersion "1"]
[SourceVersionDate "2014.11.20"]
[SourceQuality "1"]

1. e4 c5 2. Nf3 d6 3. g3 Nf6 4. d3 Nc6 5. Bg2 g6 6. 0-0 Bg7 7. c3 0-0 8. Nbd2 Rb8 9. Ne1 e5 10. Nef3 d5 11. Re1 h6 12. Nf1 Re8 13. Qc2 Be6 14. Bd2 c4 15. exd5 cxd3 16. Qc1 Bxd5 17. Bxh6 e4 18. Bxg7 Kxg7 19. N3d2 Ne5 20. Ne3 Bc6 21. Qd1 Rh8 22. f3 exf3 23. Nxf3 Nxf3+ 24. Bxf3 d2 25. Rf1 Qd3 26. Nc2 Ne4 27. Nd4 Qe3+ 28. Kg2 Nf2 29. Rxf2 Rxh2+ 30. Kxh2 Qxf2+ 31. Kh3 Bd7+ 0-1

[Event "POR-ch prel"]
[Site "Famalicao"]
[Date "2014.07.09"]
[Round "4"]
[White "Ribeiro, Bruno Rafael Leite"]
[Black "Sa, Nuno Baltasar Fogac"]
[Result "1-0"]
[WhiteElo "1736"]
[BlackElo "1847"]
[PlyCount "105"]
[EventDate "2014.07.06"]
[EventType "swiss"]
[EventRounds "9"]
[EventCountry "POR"]
[SourceTitle "EXT 2015"]
[Source "ChessBase"]
[SourceDate "2014.11.20"]
[SourceVersion "1"]
[SourceVersionDate "2014.11.20"]
[SourceQuality "1"]

1. Nf3 d5 2. d4 Nf6 3. b3 e6 4. Bb2 Bd6 5. e3 0-0 6. Bd3 b6 7. 0-0 Bb7 8. a4 a5 9. Ba3 Re8 10. Nc3 Bxa3 11. Rxa3 Qe7 12. Ra2 Nbd7 13. Nb5 Rac8 14. Na7 Ra8 15. Nb5 Rac8 16. Na7 Rb8 17. Nb5 c6 18. Na3 e5 19. dxe5 Nxe5 20. Bf5 c5 21. Re1 Rbd8 22. Nxe5 Qxe5 23. Bd3 Qg5 24. Qf3 Ne4 25. Qh3 Bc8 26. Qf3 Bg4 27. Qf4 Qxf4 28. exf4 Nd6 29. Raa1 Bf5 30. Bf1 Kf8 31. c3 Ne4 32. Nb5 Nd2 33. Rxe8+ Rxe8 34. Nd6 Nxb3 35. Ra3 Re1 36. Nxf5 Nd2 37. Ng3 Rc1 38. Ra2 Nxf1 39. Nxf1 Rxc3 40. Rb2 Rc4 41. Rxb6 Rxa4 42. Rb5 c4 43. Rxd5 c3 44. Rc5 Ra3 45. g3 a4 46. Ne3 Rb3 47. Nd5 Ke8 48. Rxc3 Rxc3 49. Nxc3 a3 50. Kf1 Kd7 51. Ke2 Kc6 52. Kd3 f5 53. Kc4 1-0

[Event "POR-chT3 final"]
[Site "Matosinhos"]
[Date "2013.08.25"]
[Round "3.3"]
[White "Bray, Jose Manuel"]
[Black "Sa, Nuno Baltasar Fogac"]
[Result "1/2-1/2"]
[WhiteElo "1919"]
[BlackElo "1855"]
[PlyCount "85"]
[EventDate "2013.08.23"]
[EventType "team-swiss"]
[EventRounds "3"]
[EventCountry "POR"]
[SourceTitle "EXT 2015"]
[Source "ChessBase"]
[SourceDate "2014.11.20"]
[SourceVersion "1"]
[SourceVersionDate "2014.11.20"]
[SourceQuality "1"]
[WhiteTeam "Bombarral"]
[BlackTeam "Acores"]
[WhiteTeamCountry "POR"]
[BlackTeamCountry "POR"]

1. a3 d5 2. Nf3 Nf6 3. d4 e6 4. e3 Bd6 5. Bd3 Nbd7 6. 0-0 0-0 7. Nbd2 c6 8. c4 e5 9. dxe5 Nxe5 10. Be2 Re8 11. b4 Ne4 12. Bb2 Nxd2 13. Qxd2 Nxf3+ 14. Bxf3 Qc7 15. g3 dxc4 16. Rfd1 Be5 17. Rac1 Bxb2 18. Qxb2 Be6 19. b5 cxb5 20. Qxb5 Rab8 21. Bd5 Bxd5 22. Rxd5 a6 23. Qxc4 Qxc4 24. Rxc4 Re7 25. Rcd4 g6 26. Kg2 Kg7 27. e4 Rc8 28. Kf3 Rec7 29. Ke3 Rc3+ 30. Rd3 R8c6 31. h4 h5 32. f4 b5 33. e5 Rxd3+ 34. Rxd3 Kf8 35. f5 Ke7 36. Kf4 Rc4+ 37. Kg5 Rg4+ 38. Kh6 a5 39. fxg6 fxg6 40. Re3 b4 41. axb4 axb4 42. Kg7 Ke6 43. Kh6 1/2-1/2

[Event "POR-ch qual"]
[Site "Amadora"]
[Date "2011.09.06"]
[Round "4"]
[White "Sa, Nuno Baltasar Fogac"]
[Black "Frango, David Alexandre Pac"]
[Result "0-1"]
[WhiteElo "1878"]
[BlackElo "1704"]
[PlyCount "64"]
[EventDate "2011.09.03"]
[EventType "swiss"]
[EventRounds "9"]
[EventCountry "POR"]
[SourceTitle "CBM 144 Extra"]
[Source "ChessBase"]
[SourceDate "2011.10.28"]
[SourceVersion "1"]
[SourceVersionDate "2011.10.28"]
[SourceQuality "1"]

1. e4 e6 2. d4 d5 3. Nc3 Nf6 4. Bg5 Be7 5. e5 Nfd7 6. h4 a6 7. Qg4 Bxg5 8. hxg5 c5 9. g6 f5 10. Qh5 h6 11. Nxd5 exd5 12. Qxf5 Rf8 13. Qe6+ Qe7 14. Qxd5 cxd4 15. 0-0-0 Nxe5 16. Rxd4 Nbc6 17. Re4 Bf5 18. Re3 Rd8 19. Qb3 Bg4 20. Be2 Bxe2 21. Nxe2 Rxf2 22. Ng3 Nd4 23. Qa4+ b5 24. Qxa6 Qc5 25. Rxe5+ Qxe5 26. Qb7 Rxc2+ 27. Kb1 Rc7 28. Qb6 Qxg3 29. Rd1 Rc1+ 30. Rxc1 Qd3+ 31. Ka1 Nc2+ 32. Rxc2 Qd1+ 0-1

[Event "POR-ch sf"]
[Site "Amadora"]
[Date "2009.09.05"]
[Round "1"]
[White "Sa, Nuno Baltasar Fogac"]
[Black "Rego, Pedro Filipe"]
[Result "0-1"]
[WhiteElo "1854"]
[BlackElo "2156"]
[PlyCount "62"]
[EventDate "2009.09.05"]
[EventType "swiss"]
[EventRounds "9"]
[EventCountry "POR"]
[SourceTitle "EXT 2015"]
[Source "ChessBase"]
[SourceDate "2014.11.20"]
[SourceVersion "1"]
[SourceVersionDate "2014.11.20"]
[SourceQuality "1"]

1. d4 Nf6 2. Nf3 b6 3. c4 e6 4. Nc3 Bb7 5. e3 Bb4 6. Bd3 0-0 7. 0-0 d6 8. Na4 d5 9. c5 bxc5 10. a3 c4 11. axb4 cxd3 12. Qxd3 Ne4 13. Bd2 c6 14. Nc5 Nxc5 15. bxc5 Nd7 16. Ra5 f6 17. Rfa1 a6 18. Ne1 e5 19. f3 f5 20. e4 fxe4 21. fxe4 Qh4 22. Nf3 Qxe4 23. Qxe4 dxe4 24. Nxe5 Nxe5 25. dxe5 Rad8 26. Bc3 Rd3 27. Re1 e3 28. Ra4 a5 29. Re4 Ba6 30. Bxa5 Rb3 31. R4xe3 Rxe3 0-1